Instrumental methods of analysis

Λεπτομέρειες βιβλιογραφικής εγγραφής
Κύριος συγγραφέας: Willard, Hobart H. 1881-1974 ((Hobart Hurd))
Άλλοι συγγραφείς: Dean, John A., Merritt, Lynne L.
Μορφή: Βιβλίο
Γλώσσα:English
Έκδοση: Belmont, CA Wadsworth Publishing Company 1988
Έκδοση:7th edition
Θέματα:
LEADER 01090nam a2200277 u 4500
001 10023052
003 upatras
005 20210117205731.0
008 990123s1988 us eng
020 |a 0534081428 
040 |a GR-PaULI  |c GR-PaULI 
041 0 |a eng 
100 1 |a Willard, Hobart H.  |d 1881-1974  |q ((Hobart Hurd))  |9 35299 
245 1 0 |a Instrumental methods of analysis  |c Hobart H. Willard, Lynne L. Merritt, John A. Dean ...[et al.] 
250 |a 7th edition 
260 |a Belmont, CA  |b Wadsworth Publishing Company  |c 1988 
300 |a xxi, 895 p.  |b fig.  |c 25 cm. 
504 |a Includes bibliographies and index 
650 4 |a Χημεία, Αναλυτική  |9 520 
700 1 |a Dean, John A.  |9 35301 
700 1 |a Merritt, Lynne L.  |9 35300 
852 |a GR-PaULI  |b ΠΑΤΡΑ  |b ΒΚΠ  |b ΒΣ1  |k ΑΣΧΞ  |h 543 W  |m 045479  |p 025000058752  |t 1 
942 |2 ddc  |c BK15 
952 |0 0  |1 0  |4 0  |6 543_000000000000000_W  |7 0  |9 188969  |a LISP  |b LISP  |c BSC  |d 2016-04-24  |i 045479  |l 0  |o 543 W  |p 025000058752  |r 2016-04-24 00:00:00  |t 1  |w 2016-04-24  |y BK15 
998 |c ΠΑΝΑΓΟΠΟΥΛΟΥ  |d 1999-07 
999 |c 116418  |d 116418